000 00283nam a22001337a 4500
008 190226b xxu||||| |||| 00| 0 eng d
020 _a9780470129050
041 _aeng
080 _213th
_a910
100 _a42
101 _aGJEO
245 _aRegions
_cBlij,H.J
942 _2udc
_cBK
999 _c54278
_d54278